| 000 | 00704nam a2200217 a 4500 | ||
|---|---|---|---|
| 005 | 20210223130054.0 | ||
| 008 | 061113s1998 mx r 000 0 spa d | ||
| 020 | _a9701701372 | ||
| 035 | _aUPN01000147932 | ||
| 049 | _aCG | ||
| 050 | 4 |
_aHB615 _bL3.3 |
|
| 100 | 1 | _aLambing, Peggy | |
| 245 | 1 | 0 |
_aEmpresarios : _bpequeños y medianos / _cPeggy Lambing, Charles Kuehl ; tr. Adolfo Deras Quiñones. |
| 260 |
_aMéxico : _bPrentice-Hall, _cc1998. |
||
| 300 |
_axiv, 299 p. : _bgráfs. |
||
| 534 |
_pTraducción de: _tEntrepreneaurship |
||
| 650 | 4 |
_aEMPRESARIOS INDUSTRIALES _920809 |
|
| 650 | 4 |
_aEMPRESARIOS INDUSTRIALES - _zESTADOS UNIDOS _99068 |
|
| 700 | 1 |
_aKuehl, Charles, _ecoaut. |
|
| 905 | _aLibro | ||
| 999 |
_c120074 _d120074 |
||